000
00502nam a2200181Ia 4500
008
100917s9999 xx 000 0 und d
082
_b
54638
100
_a
साळगांवकर शशिकला
245
_a
काटशह
260
_b
श्रीविद्या प्रकाशन
_c
1982
300
_a
151
365
_b
20
520
_a
कादंबरी
630
_a
काटशह
650
_a
कादंबरी
730
_a
काटशह
942
_c
BOOK
999
_c
660032
_d
660029